Adat laws in modern Malaya
| Main Author: | |
|---|---|
| Format: | Book |
| Published: |
Kuala Lumpur :
Oxford ,
1972
|
| Series: | East Asian Historical monograph
|
| Subjects: |
MARC
| LEADER | 00000cam a2200000 7i4500 | ||
|---|---|---|---|
| 001 | 0000009089 | ||
| 005 | 20161102.0 | ||
| 020 | |a 0195803582 | ||
| 040 | |a INS | ||
| 090 | 0 | 0 | |a DS594 |b H66 1972 |
| 100 | 1 | |a Hooker, M. B. | |
| 245 | 0 | 0 | |a Adat laws in modern Malaya |
| 260 | |a Kuala Lumpur : |b Oxford , |c 1972 | ||
| 300 | |a 294p. : |b 22 cm | ||
| 440 | 0 | |a East Asian Historical monograph | |
| 650 | 0 | 0 | |a Adat law |x Malaysia |
| 650 | 0 | 0 | |a Malaysia |y Nobility |
| 650 | 0 | 0 | |a Malaysia |y Social life and customs |
| 999 | |a 0000024048 |b BOOK |c Open Shelf |e Default branch | ||